Model so zdanlivo nesúvisiacimi náhodnými poruchami
Prezentácia modelu so zdanlivo nesúvisiacimi náhodnými poruchami na príklade modelovania priemernej nominálnej mzdy v priemysle Slovenskej republiky. Model so zdanlivo nesúvisiami náhodnými poruchami - SUR model. Modelovanie priemernej nominálnej mesačnej mzdy v priemysle SR. Odhady parametrov troch...
Gespeichert in:
| 1. Verfasser: | |
|---|---|
| Format: | Buchkapitel |
| Sprache: | Slowakisch |
| Schlagworte: | |
| Tags: |
Keine Tags, Fügen Sie das erste Tag hinzu!
|
MARC
| LEADER | 00000nla$a2200000$$$4500 | ||
|---|---|---|---|
| 001 | 0048317 | ||
| 005 | 20240502071545.1 | ||
| 041 | 0 | |a slo | |
| 044 | |a SK | ||
| 245 | 1 | 0 | |a Model so zdanlivo nesúvisiacimi náhodnými poruchami |c Anna Oršulová |
| 520 | |a Prezentácia modelu so zdanlivo nesúvisiacimi náhodnými poruchami na príklade modelovania priemernej nominálnej mzdy v priemysle Slovenskej republiky. Model so zdanlivo nesúvisiami náhodnými poruchami - SUR model. Modelovanie priemernej nominálnej mesačnej mzdy v priemysle SR. Odhady parametrov troch separátnych modelov pomocou MNŠ. Odhad parametrov pomocou SUR modelu. Testovanie hypotézy o súčasnej korelovanosti. | ||
| 610 | 2 | 0 | |a ekonometria |
| 610 | 2 | 0 | |a modely ekonometrické |
| 610 | 2 | 0 | |a modelovanie |
| 610 | 2 | 0 | |a výskum operačný |
| 610 | 2 | 0 | |a korelácia |
| 610 | 2 | 0 | |a mzdy priemerné |
| 610 | 2 | 0 | |a Slovensko |
| 100 | 1 | |a Oršulová, Anna | |